| 000 | 01304nam0a22003851 4500 | ||
|---|---|---|---|
| 001 | RU\NLR\A1SV\44887 | ||
| 005 | 20251203171251.9 | ||
| 035 | _a(NLR Aleph) 009727036 | ||
| 090 |
_a9895028 _c9895028 |
||
| 100 | _a20021215d1925 u y0rusy50 ca | ||
| 101 | 1 |
_arus _cpol |
|
| 102 | _aRU | ||
| 200 | 1 |
_aПобедитель _eФантаст. роман _fГ.Жулавский _gПер. с пол. [и с предисл.] С.С.Михайловой-Штерн |
|
| 210 |
_aЛ. _aМ. _cПучина _d1925 |
||
| 215 |
_a410 с. _d17 см |
||
| 300 | _aНапеч. в Ленинграде | ||
| 300 | _aПродолж. романа "На Луне"; окончание: роман "Старая Земля" | ||
| 300 | _aЗагл. ориг.: Zwycięzca(1910) | ||
| 620 | _dМосква | ||
| 620 | _dСанкт-Петербург | ||
| 700 | 1 |
_6z01790 _aЖулавский _bЕ. _f1874-1915 _gЕжи |
|
| 702 | 1 |
_aМихайлова-Штерн _bС.С. _f1880-1952 _gСофия Самойловна |
|
| 790 | 1 |
_6z01700 _aЖулавский _bГ. |
|
| 801 | 0 |
_aRU _bNLR _c20021215 |
|
| 852 |
_aNLR _j19/442 |
||
| 899 | _aLitNB | ||
| 899 | _aНБУВ | ||
| 899 | _aМГУ | ||
| 899 | _aРКП | ||
| 899 | _aРГБ | ||
| 899 | _aСПбГУ | ||
| 942 | _cBOOK | ||
| 980 | _aNB | ||
| 980 | _aA1SV | ||